1447 1091 1380 1768 1093 1539 1277 1353 1392 1840 1326 1659 1569 1695 1346 1808 1172 1543 1896 1472 1609 1813 1885 1676 1068 1514 1575 1852 1325 1381 1016 1464 1088 1742 1317 1973 1224 1814 1951 1385 1005 1413 1071 1724 1811 1067 1294 1016 1539 1366 1972 1783 1123 1304 1085 1092 1588 1672 1770 1056 1500 1408 1656 1176 1183 1051 1881 1350 1430 1077 1344 1608 1674 1593 1675 1024 1773 1970 1857 1624 1689 1194 1509 1573 1199 1456 1819 1476 1342 1937 1718 1192 1394 1920 1307 1290 1217 1565 1029 BCNSPRNW ULIB Ver.6.0+V

เปลี่ยนเป็นภาษาไทย

Change to English
 แสดงรายละเอียดบรรณานุกรม
  กลับหน้าหลัก

Brief Record : Get Marc (ISO 2709) : E-mail record : QR code < ปิดหน้าต่าง
LEADER : 00000nam 2200000uu 4500
001    13399108568
003     ULIB
008    110309s2553||||th 000 0 tha d
020    9786165511131
060 04 WI250^bส781ร
110 1  จุฬาลงกรณมหาวิทยาลัย. ^bคณะแพทยศาสตร์ ภาควิชาอายุรศาสตร์สาขาวิชาโรคทางเดินอาหาร
245 00 โรคกรดไหลย้อน /^cบรรณาธิการ สุเทพ กลชาญวิทย์
250    พิมพ์ครั้งที่ 1
260    กรุงเทพฯ :^bโรงพิมพ์แห่งจุฬาลงกรณ์มหาวิทยาลัย,^c2553
300    32 หน้า :^bภาพประกอบ ;^c27 ซม.
650  2 Gastroesophageal Reflux
650  2 Gastroesophageal Reflux^xdiagnosis
650  7 โรคกรดไหลย้อน
700 0  สุเทพ กลชาญวิทย์,^eบรรณาธิการ
710 2  สมาคมแพทย์ระบบทางเดินอาหารแห่งประเทศไทย.^bชมรมโมธิลิตี้แห่งประเทศไทย
945    ^p280^l0^i18060
945    ^p280^l0^i18059
945    ^p280^l0^i18904
945    ^p280^l0^i22546
945    ^p280^l0^i22547
995    ทศพร
999    ^aใช้งานได้ทุกระบบ
รายการนี้ยังไม่มีแท็ก
คุณยังไม่ได้ล็อกอิน คุณสามารถมีกิจกรรมร่วมกับเว็บไซต์ได้ แต่ต้องล็อกอินก่อน ::
  ล็อกอิน

รายการสื่อสารสนเทศ

ลำดับที่ ประเภท เลขเรียก/บาร์โค้ด สถานที่ สถานะ
1. วิทยาศาสตร์การแพทย์ และสุขภาพ
วิทยาศาสตร์การแพทย์ และสุขภาพ
สถานะ=หนังสือเก่า
WI250 ส781ร ฉ.1 
  Barcode: 18059
ห้องสมุดวิทยาเขตนครสวรรค์
►ส่วนจัดเก็บหนังสือเก่า นว.
บนชั้น
  ขอยืม
2. วิทยาศาสตร์การแพทย์ และสุขภาพ
วิทยาศาสตร์การแพทย์ และสุขภาพ
สถานะ=หนังสือเก่า
WI250 ส781ร ฉ.2 
  Barcode: 18060
ห้องสมุดวิทยาเขตนครสวรรค์
►ส่วนจัดเก็บหนังสือเก่า นว.
บนชั้น
  ขอยืม
3. วิทยาศาสตร์การแพทย์ และสุขภาพ
วิทยาศาสตร์การแพทย์ และสุขภาพ
สถานะ=หนังสือเก่า
WI250 ส781ร ฉ.3 
  Barcode: 18904
ห้องสมุดวิทยาเขตนครสวรรค์
►ส่วนจัดเก็บหนังสือเก่า นว.
บนชั้น
  ขอยืม
4. วิทยาศาสตร์การแพทย์ และสุขภาพ
วิทยาศาสตร์การแพทย์ และสุขภาพ
สถานะ=หนังสือเก่า
WI250 ส781ร ฉ.4 
  Barcode: 22546
ห้องสมุดวิทยาเขตนครสวรรค์
►ส่วนจัดเก็บหนังสือเก่า นว.
บนชั้น
  ขอยืม
5. วิทยาศาสตร์การแพทย์ และสุขภาพ
วิทยาศาสตร์การแพทย์ และสุขภาพ
สถานะ=หนังสือเก่า
WI250 ส781ร ฉ.5 
  Barcode: 22547
ห้องสมุดวิทยาเขตนครสวรรค์
►ส่วนจัดเก็บหนังสือเก่า นว.
บนชั้น
  ขอยืม

รายการใกล้เคียง
    หัวเรื่อง [Gastroesophageal Reflux]
    หัวเรื่อง [โรคกรดไหลย้อน]

BibComment


ยังไม่เคยถูกคอมเมนท์

คอมเมนท์ทรัพยากรรายการนี้
  คอมเมนท์: โรคกรดไหลย้อน บร..


 Copyright 2026. Bcnsprnw @Library